Bezdětní a postoje k rodičovství /

Hlavní autor: Paloncyová, Jana, 1977-
Další autoři: Hašková, Hana, 1976-, Höhne, Sylva, 1978-, Kuchařová, Věra, 1951-, Žáčková, Lucie, Lukić, Aco
Jazyk: Čeština
Vydáno: Praha : VÚPSV, v.v.i. Praha, 2021
Vydání: 1. vydání
Témata:
Fyzický popis: 170, 6 stran : barevné ilustrace ; 30 cm
Language note: České a anglické resumé
Knihy
Uloženo v:
LEADER 02397cam a2200649 i 4500
001 nkc20213353152
003 CZ PrNK
005 20220104133828.0
007 ta
008 210916s2021 xr a f 000 0 cze d
015 |a cnb003353152 
020 |a 978-80-7416-412-5  |q (brožováno) 
035 |a (OCoLC)1284974464 
040 |a KLG001  |b cze  |d ABA001  |e rda 
041 0 |a cze  |b cze  |b eng 
043 |a e-xr--- 
072 7 |a 316.36  |x Manželství a rodina. Sexuální vztahy  |2 Konspekt  |9 18 
080 |a 316.362.5  |2 MRF 
080 |a 316.362.1-055.52  |2 MRF 
080 |a 316.472.42  |2 MRF 
080 |a 316.362  |2 MRF 
080 |a 316.64  |2 MRF 
080 |a (437.3)  |2 MRF 
080 |a (048.8:082)  |2 MRF 
100 1 |a Paloncyová, Jana,  |d 1977-  |7 xx0005738  |4 aut 
245 1 0 |a Bezdětní a postoje k rodičovství /  |c Jana Paloncyová, Hana Hašková, Sylva Höhne, Věra Kuchařová, Lucie Žáčková ; spolupráce: Aco Lukić 
250 |a 1. vydání 
264 1 |a Praha :  |b VÚPSV, v.v.i. Praha,  |c 2021 
300 |a 170, 6 stran :  |b barevné ilustrace ;  |c 30 cm 
336 |a text  |b txt  |2 rdacontent 
337 |a bez média  |b n  |2 rdamedia 
338 |a svazek  |b nc  |2 rdacarrier 
504 |a Obsahuje bibliografii a bibliografické odkazy 
546 |a České a anglické resumé 
650 0 7 |a bezdětnost  |7 ph118826  |z Česko  |2 czenas 
650 0 7 |a rodičovství  |7 ph138908  |z Česko  |2 czenas 
650 0 7 |a partnerské vztahy  |7 ph115684  |z Česko  |2 czenas 
650 0 7 |a rodina  |7 ph117260  |z Česko  |2 czenas 
650 0 7 |a názory a postoje  |7 ph137634  |z Česko  |2 czenas 
650 0 9 |a childlessness  |z Czechia  |2 eczenas 
650 0 9 |a parenting  |z Czechia  |2 eczenas 
650 0 9 |a partner relationships  |z Czechia  |2 eczenas 
650 0 9 |a family  |z Czechia  |2 eczenas 
650 0 9 |a views and attitudes  |z Czechia  |2 eczenas 
655 7 |a kolektivní monografie  |7 fd501537  |2 czenas 
655 9 |a collective monographs  |2 eczenas 
700 1 |a Hašková, Hana,  |d 1976-  |7 xx0000955  |4 aut 
700 1 |a Höhne, Sylva,  |d 1978-  |7 xx0009561  |4 aut 
700 1 |a Kuchařová, Věra,  |d 1951-  |7 jn20010309209  |4 aut 
700 1 |a Žáčková, Lucie  |7 xx0203137  |4 aut 
700 1 |a Lukić, Aco  |4 ctb 
910 2 |a BOA001  |b 4-1475.382 
920 |a 1347149  |z KLG001 
990 |a BK 
995 |a 01 
991 |b 202110  |c NOV 
996 6 |b 2610882001  |c 4-1475.382  |l MZK  |r Sklad / do 1 hodiny  |n 4  |p p.v.  |w 001865999  |u 000010  |a 1  |e BOA001  |j MZK50  |s P